| 000 | 00832nac a22002171u 4500 | ||
|---|---|---|---|
| 010 | _a 00012288 | ||
| 020 | _a0813121981 (cloth : alk. paper) | ||
| 082 | 0 | 0 |
_a387.80973 _bLAM |
| 090 |
_c7057 _d7057 |
||
| 100 | _aLambakis, Steven James | ||
| 245 | 1 | 0 |
_aOn the edge of Earth : _bthe future of American space power / _cSteven Lambakis. |
| 260 |
_aLexington, Ky. : _bUniversity Press of Kentucky,2001 _cc2001. |
||
| 300 |
_axi, 365 p., [16] p. of plates : _bill. ; _c24 cm. |
||
| 500 | _adistributer: Al-Ahram | ||
| 504 | _aIncludes bibliographical references and index. | ||
| 511 | _acatalouged by: wessam | ||
| 650 | 0 |
_aAstronautics and state _zUnited States. |
|
| 650 | 0 |
_aAstronautics _zUnited States _xPlanning. |
|
| 650 | 0 |
_aNational security _zUnited States. |
|
| 942 |
_cBB _k387.80973LAM |
||
| 999 |
_c7057 _d7057 |
||